EDI: Electronic data interchange & IOS: Interorganizational conference [the sixth international EDI conference]
Enregistré dans:
| Autres auteurs: | , |
|---|---|
| Format: | Livre |
| Langue: | anglais |
| Publié: |
Kranj
Moderna Organizacija
1993
|
| Sujets: | |
| Tags: |
Pas de tags, Soyez le premier à ajouter un tag!
|
MARC
| LEADER | 00000nam a2200000 4500 | ||
|---|---|---|---|
| 001 | c124656 | ||
| 005 | 20221123112309.5 | ||
| 020 | |a 86-81049-56-9 | ||
| 041 | 0 | |a eng | |
| 044 | |a SI | ||
| 245 | 1 | 0 | |a EDI: Electronic data interchange & IOS: Interorganizational conference |b [the sixth international EDI conference] |c Editors: Jože Gričar, Jožica Novak |
| 264 | 1 | |a Kranj |b Moderna Organizacija |c 1993 | |
| 300 | |a 421 s. | ||
| 610 | 2 | 0 | |a výmena informácií |
| 610 | 2 | 0 | |a výskum |
| 610 | 2 | 0 | |a dáta |
| 610 | 2 | 0 | |a počítače |
| 610 | 2 | 0 | |a systémy informačné |
| 610 | 2 | 0 | |a využitie počítačov |
| 610 | 2 | 0 | |a politika hospodárska |
| 610 | 2 | 0 | |a spolupráca medzinárodná |
| 610 | 2 | 0 | |a integrácia ekonomická medzinárodná |
| 700 | 1 | |a Gričar, Jože | |
| 700 | 1 | |a Novak, Jožica | |